000 01093ncm a2200313 c 4500
003 BLK
005 20241018005342.0
008 180414b bul |a|er|||| |0| c|bulo|
010 _aNOT00000195000
040 _aBLK
041 _aRUS
_cRUS
080 _aУвертюри, прелюдии - самостоятелни произведения
_b785.11.083.22
_x
_z785.11.083.22
100 _aЧайковски, Пьотър Илич
_9367519
139 _aЧайковски, Пьотър Илич
_bЧ 16
245 1 0 _aТоржественная увертюра 1812 год.
_bЗа симф. орк.
_cПьотър Илич Чайковски.
_sОп.49
254 _aПартитура
257 _aRUS
260 Москва
_bМузыка 11838
_c1983
300 _a95 с.
_c20 см
380 _a7
650 4 _aУвертюри
_9174542
653 _aувертюри
852 _aЦб М 1620
_p0
856 4 _qpdf
_u
856 4 _qpdf
_u
942 _cNOT
_n0
944 _aCR
_c09.10.2003
_k
_lCRON CRON
944 _aED
_c04.02.2015
_kИрена_Линкова
999 _c296824
_d296824